000 00902nam a22002297a 4500
005 20250507124827.0
008 250507b |||||||| |||| 00| 0 eng d
020 _a978-81-949159-6-6 (hbk)
037 _cTB
040 _aCRL
_cCRL
041 _2hin
_ahin
084 _aO15,1A1:g(Y15) R1
_qCRL
100 _aप्रधान, अवधेश
_9160178
245 _aसीता की खोज
260 _aदिल्ली, भारत:
_bनयी किताब प्रकाशन,
_c2021.
300 _a207पृ0
365 _b450.00
_cINR
650 _aरामायण
_9754942
650 _aसीता
_9754943
942 _2CC
_cTB
_hO15,1A1:g(Y15) R1
_n0
999 _c1312985
_d1312985